000 00445cam a22001934a 4500
005 20250605164254.0
008 250528s ||||||||||||||||||||||||d
035 _a21879
020 _a9780321549419
040 _aGR-AtMCL
_bgre
_dGR-AtMCL
_eAACR2
245 1 _aSTARTING OUT WITH PYTHON
250 _a1
260 _bPearson,
_c2009
300 _a482
700 1 _aGaddis Tony
_92800
942 _cBK
999 _c6937
_d6937